| 000 | 01385nam a2200241Ia 4500 | ||
|---|---|---|---|
| 999 |
_c55936 _d55936 |
||
| 001 | 23035 | ||
| 003 | GE_BSU | ||
| 005 | 20230426170821.0 | ||
| 008 | 181216s1970ge xx |||||||||||||| ||geo|| | ||
| 040 | _cGE_BSU | ||
| 041 | _ageo | ||
| 080 | _a821.14 რ-73 | ||
| 100 |
_aროდოსელი, აპოლონიოს _917826 |
||
| 245 |
_aარგონავტიკა / _c აპოლონ როდოსელი, ბერძნ. ტექსტი ქართ. თარგმ. გამოსცა, შესავ., კომენტ. და საძიებლები დაურთო აკ. ურუშაძემ. |
||
| 264 |
_aთბილისი : _bმეცნიერება, _c1970. |
||
| 300 |
_a396 გვ. ; _b 22 სმ. |
||
| 501 | _aკომენტარები გვ: 342-358. პირთა, ეთნიკურ და გეოგრაფიულ სახელთა საძიებელი განმარტებითურთ გვ.: 359-396. | ||
| 541 | _h3 ლ. 92 თ. | ||
| 653 | _aარგონავტიკა | ||
| 653 | _aარგონავტიკა. კოლხეთის ისტორიის ლიტერატურული წყაროები. | ||
| 700 |
_a ურუშაძე, აკაკი _eმთარგმნელი _917827 |
||
| 942 |
_cBK _2udc |
||